| 000 -LEADER |
| fixed length control field |
00350cam a22001097a 4500 |
| 008 - FIXED-LENGTH DATA ELEMENTS--GENERAL INFORMATION |
| fixed length control field |
180718b1924. xxu||||| |||| 00| 0 eng d |
| 082 ## - DEWEY DECIMAL CLASSIFICATION NUMBER |
| Classification number |
A42x54 A/G/1924 |
| 100 ## - MAIN ENTRY--PERSONAL NAME |
| Personal name |
India. Legislative Department |
| 245 ## - TITLE STATEMENT |
| Title |
The government of India act with rules and notifications there under and index |
| 260 ## - PUBLICATION, DISTRIBUTION, ETC. |
| Place of publication, distribution, etc. |
Calcutta. |
| Name of publisher, distributor, etc. |
The author |
| Date of publication, distribution, etc. |
1924. |
| 300 ## - PHYSICAL DESCRIPTION |
| Extent |
372p. |